000 00220nam a2200097Ia 4500
008 240331s9999 xx 000 0 und d
082 _bSAT
100 _aSathiaseelan , S
245 0 _aNattupura illakiyaaayvukal
942 _cL
999 _c3630
_d3630